01445ngm a2200265 a 450000500170000000800410001704100080005808200140006611000360008024500700011625000180018630000450020449000350024952005610028465000460084565000540089165000460094594200130099126400370100433600270104133700330106833800280110104000350112999900150116420220317001828.0170410s2005 c g 000 0 spa  aspa04a930bD37m2 aDiscovery Communications97758010aMaravillas antiguascDiscovery Communicationshvideodisco digital a1a. edición a1 DVD (30 minutos)bsonido, colorc19 cm aDiscovery Channel. Educación aHistorias maravillosas de civilizaciones del pasado en el mar Egeo, Perú y China. Los misterios de Minoan, ¿está la Atlántida en la ciudad de Minoan? ¿desapareció por una erupción volcánica?. La civilación Moche: en la costa norte del Perú, ¿por quédesapareció esta gran civilización?. China: vea como un mundo cambiante y los actos de agresión extranjera, llevaron al final del último emperador de la Dinastía Ming. Caligrafía: la postura, control, ritmo y balance son importantes para que las letras fluyan como una danza142LEMBaCaligrafíaxHistoriayVideodiscos142LEMBaCivilización chinavVideodiscosxHistoria142LEMBaCivilización antiguavVideodiscos 2ddccDVD a[Bogotá]bMS Tv & Videosc2005 atextobtxt2rdacontent asin mediaciónbn2rdamedia avolumenbnc2rdacarrier aCO-BoRNBPbspaerdacCO-BoRNBP c8227d8227